[Event "LSS SB-2008-0-00030"]
[Site "LSS email"]
[Date "2008.11.05"]
[Round "?"]
[White "Leonhard, Andrew"]
[Black "Wicklund Hansen, Gunnar"]
[Result "1-0"]
[WhiteElo "2049"]
[BlackElo "1843"]
[PlyCount "85"]
[EventDate "2008.10.29"]
[EventType "tourn (corr)"]
[EventRounds "6"]
[EventCountry "GER"]
[SourceTitle "Corr 2024"]
[Source "ChessBase"]
[SourceDate "2023.10.19"]
[SourceVersion "1"]
[SourceVersionDate "2023.10.19"]
[SourceQuality "1"]

1. e4 c5 2. Nf3 d6 3. d4 cxd4 4. Nxd4 Nf6 5. Nc3 a6 6. Be2 e5 7. Nb3 Be7 8. 0-0 0-0 9. Qd3 Nc6 10. Be3 Nb4 11. Qd2 Be6 12. Rfd1 Rc8 13. Bf3 Qc7 14. a3 Nc6 15. Rac1 b5 16. Nd5 Bxd5 17. exd5 e4 18. dxc6 exf3 19. Nd4 fxg2 20. c4 bxc4 21. Rxc4 d5 22. Bf4 Qb6 23. Rc2 Bc5 24. Nf5 Rfe8 25. Bd6 Rxc6 26. Qg5 g6 27. Qxf6 gxf5 28. Qg5+ Kh8 29. Bxc5 Rxc5 30. Rxc5 Qxc5 31. Qxf5 Qe7 32. Rxd5 Rg8 33. Qe5+ Qxe5 34. Rxe5 Rg6 35. f4 Rd6 36. Ra5 Kg7 37. b4 Rd2 38. Rxa6 Rb2 39. h4 Kf8 40. h5 Kg7 41. h6+ Kf8 42. Ra7 Ke8 43. f5 1-0

[Event "LSS SB-2008-0-00030"]
[Site "LSS email"]
[Date "2008.11.05"]
[Round "?"]
[White "Salonen, Jukka"]
[Black "Leonhard, Andrew"]
[Result "1/2-1/2"]
[WhiteElo "1764"]
[BlackElo "2049"]
[PlyCount "61"]
[EventDate "2008.10.29"]
[EventType "tourn (corr)"]
[EventRounds "6"]
[EventCountry "GER"]
[SourceTitle "Corr 2024"]
[Source "ChessBase"]
[SourceDate "2023.10.19"]
[SourceVersion "1"]
[SourceVersionDate "2023.10.19"]
[SourceQuality "1"]

1. e4 Nf6 2. e5 Nd5 3. d4 d6 4. Nf3 g6 5. Bc4 Nb6 6. Bb3 Bg7 7. Nc3 dxe5 8. Nxe5 Bxe5 9. dxe5 Qxd1+ 10. Kxd1 Nc6 11. Ke2 Nd4+ 12. Ke3 c5 13. Ne4 Nf5+ 14. Kd3 c4+ 15. Bxc4 Nxc4 16. Kxc4 Be6+ 17. Kc3 Rc8+ 18. Kd2 0-0 19. c3 Rfd8+ 20. Ke1 Nh4 21. Bg5 Nxg2+ 22. Kf1 Bd5 23. f3 Bxe4 24. Kxg2 f6 25. exf6 exf6 26. fxe4 fxg5 27. Rad1 Kf7 28. Rd5 Rxd5 29. exd5 Rc5 30. Rd1 Ke7 31. Rd4 1/2-1/2

[Event "LSS SC-2008-0-00004"]
[Site "LSS email"]
[Date "2008.03.11"]
[Round "?"]
[White "Leonhard, Andrew"]
[Black "Murphy, Jones"]
[Result "1-0"]
[WhiteElo "2049"]
[BlackElo "1340"]
[PlyCount "39"]
[EventDate "2008.02.07"]
[EventType "tourn (corr)"]
[EventRounds "6"]
[EventCountry "GER"]
[SourceTitle "Corr 2024"]
[Source "ChessBase"]
[SourceDate "2023.10.19"]
[SourceVersion "1"]
[SourceVersionDate "2023.10.19"]
[SourceQuality "1"]

1. e4 e5 2. Nf3 Nc6 3. Bb5 a6 4. Bxc6 dxc6 5. 0-0 f6 6. d4 exd4 7. Nxd4 c5 8. Nb3 Qxd1 9. Rxd1 Bd7 10. Bf4 0-0-0 11. Nc3 Be6 12. Rxd8+ Kxd8 13. Be3 b6 14. a4 Kc8 15. a5 Kb7 16. Rd1 Ne7 17. axb6 cxb6 18. Bxc5 Bxb3 19. Bxe7 Bxc2 20. Rd8 1-0

[Event "LSS SC-2008-0-00004"]
[Site "LSS email"]
[Date "2008.03.11"]
[Round "?"]
[White "Leonhard, Andrew"]
[Black "Turner, Larry"]
[Result "1-0"]
[WhiteElo "2049"]
[BlackElo "1424"]
[PlyCount "25"]
[EventDate "2008.02.07"]
[EventType "tourn (corr)"]
[EventRounds "6"]
[EventCountry "GER"]
[SourceTitle "Corr 2024"]
[Source "ChessBase"]
[SourceDate "2023.10.19"]
[SourceVersion "1"]
[SourceVersionDate "2023.10.19"]
[SourceQuality "1"]

1. e4 c5 2. Nf3 d6 3. d4 cxd4 4. Nxd4 Nf6 5. Nc3 a6 6. Bc4 e6 7. 0-0 b5 8. Bb3 b4 9. Na4 Bd7 10. Be3 Nxe4 11. Re1 Nc6 12. Nxe6 fxe6 13. Bb6 1-0

[Event "IECG WC Cand email"]
[Site "IECG email"]
[Date "2008.02.15"]
[Round "?"]
[White "Leonhard, Andrew"]
[Black "Dziedzina, Michael"]
[Result "0-1"]
[WhiteElo "2049"]
[BlackElo "2256"]
[PlyCount "110"]
[EventDate "2008.02.15"]
[EventType "tourn (corr)"]
[EventRounds "6"]
[SourceTitle "Corr 2024"]
[Source "ChessBase"]
[SourceDate "2023.10.19"]
[SourceVersion "1"]
[SourceVersionDate "2023.10.19"]
[SourceQuality "1"]

1. e4 c5 2. Nf3 d6 3. Bc4 Nf6 4. Nc3 e6 5. 0-0 a6 6. d4 cxd4 7. Nxd4 b5 8. Bb3 Be7 9. Be3 0-0 10. f3 Qc7 11. a4 b4 12. Na2 e5 13. Nf5 Bxf5 14. exf5 Nc6 15. g4 Na5 16. g5 Nxb3 17. cxb3 Nh5 18. Rc1 Qb7 19. Qc2 d5 20. Qc7 Qxc7 21. Rxc7 Rfe8 22. a5 d4 23. Bd2 f6 24. g6 hxg6 25. fxg6 f5 26. Rc4 Rad8 27. Nxb4 Bxb4 28. Rxb4 e4 29. Bg5 e3 30. Bxd8 Rxd8 31. Re1 Nf4 32. Kf1 Nxg6 33. Rb6 Ne5 34. f4 Nd3 35. Rc6 Kf7 36. Ra1 Nxf4 37. Re1 Rh8 38. Kg1 Nd3 39. Rb1 e2 40. Rd6 e1Q+ 41. Rxe1 Nxe1 42. Kf2 Nd3+ 43. Kf1 Re8 44. Rd7+ Kf6 45. Rxd4 Re3 46. b4 f4 47. b5 axb5 48. a6 f3 49. Rxd3 Rxd3 50. a7 Rd8 51. Kf2 Ra8 52. Kxf3 Rxa7 53. h4 Ra4 54. Kg3 Rb4 55. Kf3 Rxb2 0-1